| 000 | 00000cis 2200000zi 4500 |
| 001 | 9.945353 |
| 003 | CaOODSP |
| 005 | 20260410104910 |
| 006 | s|| p f0 | |
| 006 | m o h f |
| 007 | cr nna|||a|||| |
| 007 | sz ||||||||||| |
| 008 | 241120c20239999onc|||||o|||||||| | eng|d |
| 040 | |aCaOODSP|beng|erda|cCaOODSP |
| 043 | |an-cn--- |
| 086 | 1 |aNH2-52E-MP3 |
| 110 | 2 |aCanada Mortgage and Housing Corporation.|eauthor,|eissuing body. |
| 245 | 10|a... accessibility progress report / |cCanada Mortgage and Housing Corporation. |
| 264 | 1|aOttawa : |bCMHC = SCHL, |c[2023]- |
| 310 | |aAnnual |
| 336 | |aspoken word|bspw|2rdacontent |
| 337 | |aaudio|bs|2rdamedia |
| 337 | |acomputer|bc|2rdamedia |
| 338 | |aonline resource|bcr|2rdacarrier |
| 362 | 1 |aBegan with: 2023. |
| 500 | |aAvailable as streaming audio or as downloadable MP3 file. |
| 500 | |aIssued also in French under title: Rapport d'étape sur l'accessibilité de ... |
| 500 | |aIssued also in PDF format. |
| 588 | |aDescription based on: 2023. |
| 588 | |aLatest issue consulted: 2023. |
| 610 | 20|aCanada Mortgage and Housing Corporation|xPlanning|vPeriodicals. |
| 650 | 0|aPeople with disabilities|zCanada|vPeriodicals. |
| 650 | 0|aBarrier-free design|zCanada|vPeriodicals. |
| 650 | 0|aPeople with disabilities|xGovernment policy|zCanada|vPeriodicals. |
| 650 | 0|aBarrier-free design|zCanada|xPlanning|vPeriodicals. |
| 655 | 7|aSound recordings|2lcgft |
| 655 | 7|aInstructional and educational works|2lcgft |
| 655 | 7|aPeriodicals|2lcgft |
| 775 | 08|tRapport d'étape sur l'accessibilité de ... / |w(CaOODSP)9.945357 |
| 776 | 0#|t... accessibility progress report / |w(CaOODSP)9.943697 |